000 004800000a22001810004500
001 004734
003 MACL
005 20151119163936.0
008 151119b xxu||||| |||| 00| 0 eng d
040 _aMACL
_cMACL
041 _aEnglish
082 _a824/MOD
100 _aMody, Nawaz B.
_911857
245 _aEnduring Legecy
_bParsis Of The 20th Century Vol 4
_cNawaz B. Mody
260 _c2005
_aMumbai
_bNawaz B.Mody
650 _aEnglish Essays
_99332
942 _k824
_cBK
_2ddc
999 _c16621
_d16621